Generación artificial de acelerogramas y cálculo de sus espectros
Enregistré dans:
| Auteur principal: | |
|---|---|
| Format: | Inconnue |
| Publié: |
[San José, Costa Rica]
1979
|
| Sujets: | |
| Tags: |
Ajouter un tag
Pas de tags, Soyez le premier à ajouter un tag!
|
MARC
| LEADER | 00000 a2200000 4500 | ||
|---|---|---|---|
| 003 | 000589 | ||
| 005 | 20221231143737.0 | ||
| 008 | 140114s1979 c a m 000 ||s d | ||
| 040 | |c cru CEDI | ||
| 090 | |a TFG 874 | ||
| 100 | |a Altmann Echeverría, Rodrigo |9 16189 | ||
| 245 | |a Generación artificial de acelerogramas y cálculo de sus espectros | ||
| 260 | |c 1979 |a [San José, Costa Rica] | ||
| 300 | |a [46] hojas : ilustraciones ; 28 cm | ||
| 500 | |a Tesis (ingeniería civil)--Universidad de Costa Rica. | ||
| 650 | |x SISMOLOGIA - COSTA RICA |x TERREMOTOS - COSTA RICA |9 16190 | ||
| 942 | |c TFG | ||
| 999 | |c 11155 |d 11155 | ||
